[Event "DEM U18w 2024"]
[Site "Willingen GER"]
[Date "2024.05.25"]
[Round "9"]
[White "Nguyen, Jenny Ha-Linh"]
[Black "Zhou, Lepu Coco"]
[Result "0-1"]
[Termination "normal"]
[Board "1"]
[WhiteElo "1787"]
[BlackElo "2040"]
[WhiteClock "00:22:58"]
[BlackClock "00:47:58"]
[PlyCount "72"]
[WhiteFideId "16209729"]
[BlackFideId "16217136"]
[EventCountry "GER"]
[EventRounds "9"]
[EventType "swiss"]
[EventDate "2024.05.18"]

1. e4 {[%clk 01:30:58]} {[%emt 00:00:02]} c5 {[%clk 01:30:49]} {[%emt
00:00:11]} 2. c3 {[%clk 01:31:18]} {[%emt 00:00:10]} Nc6 {[%clk 01:30:57]}
{[%emt 00:00:22]} 3. d4 {[%clk 01:31:25]} {[%emt 00:00:23]} d5 {[%clk
01:31:22]} {[%emt 00:00:07]} 4. exd5 {[%clk 01:31:24]} {[%emt 00:00:30]} Qxd5
{[%clk 01:31:40]} {[%emt 00:00:11]} 5. Nf3 {[%clk 01:31:44]} {[%emt 00:00:10]}
Bf5 {[%clk 01:32:04]} {[%emt 00:00:06]} 6. Be3 {[%clk 01:31:34]} {[%emt
00:00:40]} cxd4 {[%clk 01:32:27]} {[%emt 00:00:08]} 7. cxd4 {[%clk 01:32:00]}
{[%emt 00:00:04]} Bxb1 {[%clk 01:32:49]} {[%emt 00:00:09]} 8. Qxb1 {[%clk
01:31:21]} {[%emt 00:01:08]} e5 {[%clk 01:33:14]} {[%emt 00:00:06]} 9. dxe5
{[%clk 01:19:53]} {[%emt 00:11:57]} Bb4+ {[%clk 01:33:38]} {[%emt 00:00:06]}
10. Bd2 {[%clk 01:19:56]} {[%emt 00:00:27]} Bxd2+ {[%clk 01:33:52]} {[%emt
00:00:15]} 11. Nxd2 {[%clk 01:20:14]} {[%emt 00:00:12]} Rd8 {[%clk 01:34:07]}
{[%emt 00:00:16]} 12. Qd1 {[%clk 01:16:12]} {[%emt 00:04:32]} Nxe5 {[%clk
01:05:02]} {[%emt 00:29:35]} 13. Qe2 {[%clk 01:05:03]} {[%emt 00:11:38]} Qe6
{[%clk 00:57:40]} {[%emt 00:07:53]} 14. O-O-O {[%clk 00:46:37]} {[%emt
00:18:56]} Nd3+ {[%clk 00:56:03]} {[%emt 00:02:07]} 15. Kb1 {[%clk 00:47:01]}
{[%emt 00:00:06]} Qxe2 {[%clk 00:56:22]} {[%emt 00:00:11]} 16. Bxe2 {[%clk
00:47:24]} {[%emt 00:00:06]} Nxf2 {[%clk 00:56:48]} {[%emt 00:00:05]} 17. Rhe1
{[%clk 00:46:37]} {[%emt 00:01:16]} Nxd1 {[%clk 00:57:02]} {[%emt 00:00:16]}
18. Bxd1+ {[%clk 00:46:51]} {[%emt 00:00:17]} Ne7 {[%clk 00:55:54]} {[%emt
00:01:38]} 19. Ba4+ {[%clk 00:45:37]} {[%emt 00:01:44]} Kf8 {[%clk 00:55:46]}
{[%emt 00:00:37]} 20. Nf3 {[%clk 00:43:56]} {[%emt 00:02:12]} Nc6 {[%clk
00:54:15]} {[%emt 00:02:01]} 21. Rc1 {[%clk 00:39:08]} {[%emt 00:05:17]} Ke7
{[%clk 00:53:14]} {[%emt 00:01:32]} 22. Bxc6 {[%clk 00:38:55]} {[%emt
00:00:43]} bxc6 {[%clk 00:53:39]} {[%emt 00:00:05]} 23. Rxc6 {[%clk 00:39:15]}
{[%emt 00:00:10]} Rc8 {[%clk 00:53:51]} {[%emt 00:00:18]} 24. Ra6 {[%clk
00:34:13]} {[%emt 00:05:33]} Rc7 {[%clk 00:53:47]} {[%emt 00:00:33]} 25. Ra3
{[%clk 00:33:20]} {[%emt 00:01:23]} Rd8 {[%clk 00:52:52]} {[%emt 00:01:24]} 26.
Re3+ {[%clk 00:33:40]} {[%emt 00:00:10]} Kf6 {[%clk 00:52:58]} {[%emt
00:00:24]} 27. a4 {[%clk 00:32:37]} {[%emt 00:01:34]} Rd1+ {[%clk 00:52:38]}
{[%emt 00:00:50]} 28. Ka2 {[%clk 00:33:00]} {[%emt 00:00:06]} Rc2 {[%clk
00:51:51]} {[%emt 00:01:17]} 29. g3 {[%clk 00:32:43]} {[%emt 00:00:47]} g6
{[%clk 00:50:26]} {[%emt 00:01:56]} 30. h4 {[%clk 00:30:14]} {[%emt 00:02:58]}
Rd7 {[%clk 00:47:13]} {[%emt 00:03:43]} 31. Kb3 {[%clk 00:28:35]} {[%emt
00:02:09]} Rg2 {[%clk 00:47:18]} {[%emt 00:00:26]} 32. Ne5 {[%clk 00:27:14]}
{[%emt 00:01:51]} Rb7+ {[%clk 00:47:38]} {[%emt 00:00:09]} 33. Kc4 {[%clk
00:27:01]} {[%emt 00:00:43]} Rgxb2 {[%clk 00:47:56]} {[%emt 00:00:13]} 34. Nd3
{[%clk 00:22:47]} {[%emt 00:04:43]} Rc2+ {[%clk 00:47:36]} {[%emt 00:00:50]}
35. Kd5 {[%clk 00:22:35]} {[%emt 00:00:42]} Rd7+ {[%clk 00:47:58]} {[%emt
00:00:08]} 36. Ke4 {[%clk 00:22:58]} {[%emt 00:00:07]} Re7+ {[%emt 00:00:16]}
0-1

[Event "DEM U18w 2024"]
[Site "Willingen GER"]
[Date "2024.05.25"]
[Round "9"]
[White "von Beckh, Frieda"]
[Black "Sereda, Yaroslava"]
[Result "0-1"]
[Termination "normal"]
[Board "2"]
[WhiteElo "1764"]
[BlackElo "1925"]
[WhiteClock "00:01:41"]
[BlackClock "00:03:20"]
[PlyCount "82"]
[WhiteFideId "16233751"]
[BlackFideId "14178940"]
[EventCountry "GER"]
[EventRounds "9"]
[EventType "swiss"]
[EventDate "2024.05.18"]

1. e4 {[%clk 01:30:57]} {[%emt 00:00:03]} c5 {[%clk 01:30:54]} {[%emt
00:00:06]} 2. Nf3 {[%clk 01:31:22]} {[%emt 00:00:05]} Nc6 {[%clk 01:31:17]}
{[%emt 00:00:08]} 3. d4 {[%clk 01:31:42]} {[%emt 00:00:09]} cxd4 {[%clk
01:31:41]} {[%emt 00:00:06]} 4. Nxd4 {[%clk 01:31:47]} {[%emt 00:00:25]} e5
{[%clk 01:32:05]} {[%emt 00:00:07]} 5. Nb5 {[%clk 01:32:12]} {[%emt 00:00:05]}
d6 {[%clk 01:32:24]} {[%emt 00:00:11]} 6. c4 {[%clk 01:32:26]} {[%emt
00:00:15]} Be6 {[%clk 01:32:32]} {[%emt 00:00:22]} 7. Bd3 {[%clk 01:32:42]}
{[%emt 00:00:14]} g6 {[%clk 01:30:54]} {[%emt 00:02:09]} 8. O-O {[%clk
01:32:48]} {[%emt 00:00:23]} a6 {[%clk 01:29:15]} {[%emt 00:02:10]} 9. N5c3
{[%clk 01:32:48]} {[%emt 00:00:29]} Bg7 {[%clk 01:27:58]} {[%emt 00:01:48]} 10.
Nd5 {[%clk 01:30:49]} {[%emt 00:02:28]} Nf6 {[%clk 01:16:24]} {[%emt 00:12:04]}
11. Nbc3 {[%clk 01:28:15]} {[%emt 00:03:04]} O-O {[%clk 01:13:05]} {[%emt
00:03:50]} 12. Bg5 {[%clk 01:24:12]} {[%emt 00:04:32]} h6 {[%clk 00:54:15]}
{[%emt 00:19:20]} 13. Nxf6+ {[%clk 01:22:37]} {[%emt 00:02:05]} Bxf6 {[%clk
00:54:41]} {[%emt 00:00:05]} 14. Bxh6 {[%clk 01:22:55]} {[%emt 00:00:11]} Re8
{[%clk 00:53:45]} {[%emt 00:01:26]} 15. Nd5 {[%clk 01:10:42]} {[%emt 00:12:42]}
Bg7 {[%clk 00:44:24]} {[%emt 00:09:52]} 16. Qd2 {[%clk 01:03:43]} {[%emt
00:07:29]} Bxd5 {[%clk 00:36:49]} {[%emt 00:08:05]} 17. cxd5 {[%clk 01:03:42]}
{[%emt 00:00:31]} Bxh6 {[%clk 00:36:21]} {[%emt 00:00:59]} 18. Qxh6 {[%clk
01:03:42]} {[%emt 00:00:30]} Nb4 {[%clk 00:33:32]} {[%emt 00:03:19]} 19. Be2
{[%clk 00:44:09]} {[%emt 00:20:02]} Qb6 {[%clk 00:29:30]} {[%emt 00:04:33]} 20.
Kh1 {[%clk 00:38:02]} {[%emt 00:06:36]} Qd4 {[%clk 00:22:00]} {[%emt 00:08:00]}
21. f4 {[%clk 00:21:23]} {[%emt 00:17:07]} exf4 {[%clk 00:11:25]} {[%emt
00:11:07]} 22. Qxf4 {[%clk 00:19:18]} {[%emt 00:02:34]} Qg7 {[%clk 00:11:03]}
{[%emt 00:00:52]} 23. Rac1 {[%clk 00:12:43]} {[%emt 00:07:05]} Nxd5 {[%clk
00:07:49]} {[%emt 00:03:45]} 24. Qf3 {[%clk 00:09:00]} {[%emt 00:04:12]} Ne7
{[%clk 00:04:47]} {[%emt 00:03:33]} 25. Rc7 {[%clk 00:08:11]} {[%emt 00:01:18]}
Rac8 {[%clk 00:03:32]} {[%emt 00:01:45]} 26. Rxb7 {[%clk 00:05:18]} {[%emt
00:03:24]} d5 {[%clk 00:03:29]} {[%emt 00:00:33]} 27. exd5 {[%clk 00:05:13]}
{[%emt 00:00:36]} Nf5 {[%clk 00:03:50]} {[%emt 00:00:08]} 28. Bxa6 {[%clk
00:04:35]} {[%emt 00:01:08]} Ra8 {[%clk 00:03:05]} {[%emt 00:01:15]} 29. Qd3
{[%clk 00:02:35]} {[%emt 00:02:29]} Qh6 {[%clk 00:02:13]} {[%emt 00:01:23]} 30.
Kg1 {[%clk 00:01:26]} {[%emt 00:01:40]} Qg5 {[%clk 00:01:46]} {[%emt 00:00:56]}
31. g3 {[%clk 00:01:16]} {[%emt 00:00:40]} Re3 {[%clk 00:01:28]} {[%emt
00:00:47]} 32. Rxf5 {[%clk 00:00:46]} {[%emt 00:01:01]} gxf5 {[%clk 00:01:51]}
{[%emt 00:00:07]} 33. Qf1 {[%clk 00:00:49]} {[%emt 00:00:27]} Rae8 {[%clk
00:02:09]} {[%emt 00:00:12]} 34. Kg2 {[%clk 00:00:45]} {[%emt 00:00:35]} f4
{[%clk 00:01:39]} {[%emt 00:00:59]} 35. Qxf4 {[%clk 00:01:02]} {[%emt
00:00:13]} Qxd5+ {[%clk 00:02:04]} {[%emt 00:00:05]} 36. Kh3 {[%clk 00:01:16]}
{[%emt 00:00:15]} R3e4 {[%clk 00:01:24]} {[%emt 00:01:11]} 37. Qh6 {[%clk
00:00:38]} {[%emt 00:01:08]} Qf5+ {[%clk 00:01:40]} {[%emt 00:00:13]} 38. Kg2
{[%clk 00:00:56]} {[%emt 00:00:12]} Re2+ {[%clk 00:02:01]} {[%emt 00:00:10]}
39. Bxe2 {[%clk 00:01:08]} {[%emt 00:00:17]} Rxe2+ {[%clk 00:02:30]} {[%emt
00:00:02]} 40. Kg1 {[%clk 00:01:14]} {[%emt 00:00:24]} Qf2+ {[%clk 00:02:55]}
{[%emt 00:00:05]} 41. Kh1 {[%clk 00:01:41]} {[%emt 00:00:04]} Qg2# {[%clk
00:03:20]} {[%emt 00:00:05]} 0-1

[Event "DEM U18w 2024"]
[Site "Willingen GER"]
[Date "2024.05.25"]
[Round "9"]
[White "Fischer, Darja"]
[Black "Buchholz, Maja Patricia"]
[Result "1-0"]
[Termination "normal"]
[Board "3"]
[WhiteElo "1843"]
[BlackElo "2030"]
[WhiteClock "00:17:14"]
[BlackClock "00:01:26"]
[PlyCount "73"]
[WhiteFideId "16240898"]
[BlackFideId "16200500"]
[EventCountry "GER"]
[EventRounds "9"]
[EventType "swiss"]
[EventDate "2024.05.18"]

1. d4 {[%clk 01:30:59]} d5 {[%clk 01:30:50]} {[%emt 00:00:10]} 2. Bf4 {[%clk
01:31:25]} {[%emt 00:00:04]} Nf6 {[%clk 01:30:59]} {[%emt 00:00:21]} 3. Nf3
{[%clk 01:31:36]} {[%emt 00:00:19]} c5 {[%clk 01:28:45]} {[%emt 00:02:44]} 4.
c3 {[%clk 01:30:14]} {[%emt 00:01:52]} Nc6 {[%clk 01:21:02]} {[%emt 00:08:13]}
5. e3 {[%clk 01:29:57]} {[%emt 00:00:47]} Bg4 {[%clk 01:18:21]} {[%emt
00:03:11]} 6. Nbd2 {[%clk 01:28:53]} {[%emt 00:01:34]} e6 {[%clk 01:18:12]}
{[%emt 00:00:39]} 7. Bd3 {[%clk 01:23:39]} {[%emt 00:05:44]} Be7 {[%clk
01:16:18]} {[%emt 00:02:23]} 8. O-O {[%clk 01:22:41]} {[%emt 00:01:29]} O-O
{[%clk 01:16:19]} {[%emt 00:00:29]} 9. Qb1 {[%clk 01:21:31]} {[%emt 00:01:41]}
Rc8 {[%clk 01:08:18]} {[%emt 00:08:31]} 10. Ne5 {[%clk 01:19:08]} {[%emt
00:02:52]} Bh5 {[%clk 01:07:03]} {[%emt 00:01:44]} 11. Bg3 {[%clk 01:15:09]}
{[%emt 00:04:30]} Bg6 {[%clk 00:56:21]} {[%emt 00:11:12]} 12. Nxg6 {[%clk
01:08:34]} {[%emt 00:07:05]} hxg6 {[%clk 00:56:31]} {[%emt 00:00:20]} 13. f4
{[%clk 01:03:50]} {[%emt 00:05:15]} Nh5 {[%clk 00:47:11]} {[%emt 00:09:49]} 14.
Be1 {[%clk 00:59:43]} {[%emt 00:04:37]} cxd4 {[%clk 00:44:09]} {[%emt
00:03:32]} 15. exd4 {[%clk 00:57:38]} {[%emt 00:02:35]} Bd6 {[%clk 00:43:58]}
{[%emt 00:00:41]} 16. g3 {[%clk 00:57:02]} {[%emt 00:01:06]} Nf6 {[%clk
00:38:16]} {[%emt 00:06:11]} 17. Nf3 {[%clk 00:51:28]} {[%emt 00:06:05]} Qb6
{[%clk 00:35:09]} {[%emt 00:03:37]} 18. Bf2 {[%clk 00:46:20]} {[%emt 00:05:38]}
Qa5 {[%clk 00:34:20]} {[%emt 00:01:19]} 19. Ne5 {[%clk 00:36:11]} {[%emt
00:10:40]} b5 {[%clk 00:32:25]} {[%emt 00:02:24]} 20. a3 {[%clk 00:33:05]}
{[%emt 00:03:36]} Qb6 {[%clk 00:32:22]} {[%emt 00:00:33]} 21. g4 {[%clk
00:29:59]} {[%emt 00:03:37]} Qb7 {[%clk 00:31:15]} {[%emt 00:01:36]} 22. g5
{[%clk 00:28:26]} {[%emt 00:02:03]} Ne8 {[%clk 00:28:53]} {[%emt 00:02:52]} 23.
Be3 {[%clk 00:27:33]} {[%emt 00:01:23]} Ne7 {[%clk 00:23:47]} {[%emt 00:05:36]}
24. Rf3 {[%clk 00:25:43]} {[%emt 00:02:21]} Nc7 {[%clk 00:20:05]} {[%emt
00:04:11]} 25. Rh3 {[%clk 00:24:39]} {[%emt 00:01:33]} Rfd8 {[%clk 00:19:49]}
{[%emt 00:00:46]} 26. Qe1 {[%clk 00:21:20]} {[%emt 00:03:49]} Ne8 {[%clk
00:17:07]} {[%emt 00:03:13]} 27. Qh4 {[%clk 00:20:00]} {[%emt 00:01:51]} Kf8
{[%clk 00:17:29]} {[%emt 00:00:07]} 28. Qh8+ {[%clk 00:19:52]} {[%emt
00:00:38]} Ng8 {[%clk 00:17:54]} {[%emt 00:00:05]} 29. Rf1 {[%clk 00:19:16]}
{[%emt 00:01:06]} Bb8 {[%clk 00:12:21]} {[%emt 00:06:03]} 30. Bxg6 {[%clk
00:18:32]} {[%emt 00:01:13]} Nd6 {[%clk 00:04:03]} {[%emt 00:08:50]} 31. Bxf7
{[%clk 00:17:57]} {[%emt 00:01:04]} Ke7 {[%clk 00:03:11]} {[%emt 00:01:21]} 32.
Qxg7 {[%clk 00:17:17]} {[%emt 00:01:10]} Nf5 {[%clk 00:03:27]} {[%emt
00:00:15]} 33. Qg6 {[%clk 00:17:34]} {[%emt 00:00:13]} Bxe5 {[%clk 00:02:05]}
{[%emt 00:01:53]} 34. Qxe6+ {[%clk 00:16:28]} {[%emt 00:01:36]} Kf8 {[%clk
00:02:27]} {[%emt 00:00:08]} 35. fxe5 {[%clk 00:16:44]} {[%emt 00:00:13]} Nge7
{[%clk 00:01:30]} {[%emt 00:01:27]} 36. Rh8+ {[%clk 00:16:54]} {[%emt
00:00:20]} Kg7 {[%clk 00:01:26]} {[%emt 00:00:34]} 37. Qf6# {[%clk 00:17:14]}
{[%emt 00:00:10]} 1-0

[Event "DEM U18w 2024"]
[Site "Willingen GER"]
[Date "2024.05.25"]
[Round "9"]
[White "Voigt, Anastasia"]
[Black "Racky, Selina"]
[Result "1-0"]
[Termination "normal"]
[Board "4"]
[WhiteElo "1992"]
[BlackElo "1711"]
[WhiteClock "00:22:03"]
[BlackClock "00:15:42"]
[PlyCount "75"]
[WhiteFideId "16235223"]
[BlackFideId "16239440"]
[EventCountry "GER"]
[EventRounds "9"]
[EventType "swiss"]
[EventDate "2024.05.18"]

1. e4 {[%clk 01:30:58]} {[%emt 00:00:02]} e5 {[%clk 01:30:49]} {[%emt
00:00:12]} 2. Nf3 {[%clk 01:31:24]} {[%emt 00:00:04]} Nc6 {[%clk 01:31:13]}
{[%emt 00:00:06]} 3. Bc4 {[%clk 01:31:49]} {[%emt 00:00:04]} Be7 {[%clk
01:31:25]} {[%emt 00:00:19]} 4. O-O {[%clk 01:32:09]} {[%emt 00:00:11]} d6
{[%clk 01:31:49]} {[%emt 00:00:05]} 5. a4 {[%clk 01:31:55]} {[%emt 00:00:43]}
Nf6 {[%clk 01:30:01]} {[%emt 00:02:18]} 6. d3 {[%clk 01:32:14]} {[%emt
00:00:12]} O-O {[%clk 01:25:37]} {[%emt 00:04:54]} 7. Re1 {[%clk 01:32:35]}
{[%emt 00:00:08]} h6 {[%clk 01:23:19]} {[%emt 00:02:49]} 8. c3 {[%clk
01:32:16]} {[%emt 00:00:49]} a6 {[%clk 01:13:15]} {[%emt 00:10:35]} 9. Nbd2
{[%clk 01:31:06]} {[%emt 00:01:38]} Re8 {[%clk 01:11:24]} {[%emt 00:02:22]} 10.
a5 {[%clk 01:30:19]} {[%emt 00:01:17]} Nb8 {[%clk 01:07:29]} {[%emt 00:04:25]}
11. Qb3 {[%clk 01:29:44]} {[%emt 00:01:04]} Rf8 {[%clk 01:03:21]} {[%emt
00:04:39]} 12. d4 {[%clk 01:27:55]} {[%emt 00:02:19]} Nbd7 {[%clk 01:02:16]}
{[%emt 00:01:36]} 13. Nf1 {[%clk 01:26:46]} {[%emt 00:01:37]} Nh7 {[%clk
00:52:48]} {[%emt 00:09:59]} 14. Ng3 {[%clk 01:25:10]} {[%emt 00:02:05]} exd4
{[%clk 00:50:28]} {[%emt 00:02:51]} 15. cxd4 {[%clk 01:25:00]} {[%emt
00:00:39]} Ng5 {[%clk 00:49:42]} {[%emt 00:01:16]} 16. Nf5 {[%clk 01:23:56]}
{[%emt 00:01:33]} Nxf3+ {[%clk 00:42:57]} {[%emt 00:07:16]} 17. Qxf3 {[%clk
01:24:04]} {[%emt 00:00:22]} Nf6 {[%clk 00:42:05]} {[%emt 00:01:23]} 18. e5
{[%clk 01:16:56]} {[%emt 00:07:37]} Nh7 {[%clk 00:40:22]} {[%emt 00:02:14]} 19.
Nxh6+ {[%clk 00:48:30]} {[%emt 00:28:56]} gxh6 {[%clk 00:36:39]} {[%emt
00:04:12]} 20. Bxh6 {[%clk 00:47:48]} {[%emt 00:01:12]} Ng5 {[%clk 00:32:29]}
{[%emt 00:04:41]} 21. Qh5 {[%clk 00:48:10]} {[%emt 00:00:08]} Bf5 {[%clk
00:31:05]} {[%emt 00:01:54]} 22. Bxf8 {[%clk 00:47:18]} {[%emt 00:01:22]} Qxf8
{[%clk 00:31:07]} {[%emt 00:00:27]} 23. h4 {[%clk 00:44:30]} {[%emt 00:03:15]}
d5 {[%clk 00:23:51]} {[%emt 00:07:50]} 24. Bxd5 {[%clk 00:44:47]} {[%emt
00:00:12]} Be6 {[%emt 00:00:14]} 25. Bxb7 {[%clk 00:44:13]} {[%emt 00:00:59]}
Rb8 {[%clk 00:24:39]} {[%emt 00:00:05]} 26. Bxa6 {[%clk 00:44:34]} {[%emt
00:00:09]} Nh7 {[%clk 00:24:50]} {[%emt 00:00:17]} 27. Bd3 {[%clk 00:44:53]}
{[%emt 00:00:10]} Qg7 {[%clk 00:25:04]} {[%emt 00:00:17]} 28. Re3 {[%clk
00:44:04]} {[%emt 00:01:19]} Bg4 {[%clk 00:24:30]} {[%emt 00:01:05]} 29. Qxh7+
{[%clk 00:42:51]} {[%emt 00:01:43]} Qxh7 {[%clk 00:24:56]} {[%emt 00:00:04]}
30. Bxh7+ {[%clk 00:43:15]} {[%emt 00:00:06]} Kxh7 {[%clk 00:25:20]} {[%emt
00:00:06]} 31. a6 {[%clk 00:43:29]} {[%emt 00:00:16]} Be6 {[%clk 00:24:28]}
{[%emt 00:01:21]} 32. a7 {[%clk 00:43:12]} {[%emt 00:00:48]} Ra8 {[%clk
00:24:53]} {[%emt 00:00:05]} 33. g3 {[%clk 00:42:47]} {[%emt 00:00:54]} c5
{[%clk 00:24:07]} {[%emt 00:01:17]} 34. dxc5 {[%clk 00:33:06]} {[%emt
00:10:11]} Bxc5 {[%clk 00:24:12]} {[%emt 00:00:25]} 35. Rea3 {[%clk 00:30:57]}
{[%emt 00:02:39]} Kg6 {[%clk 00:19:14]} {[%emt 00:05:28]} 36. Ra6 {[%clk
00:24:04]} {[%emt 00:07:22]} Kf5 {[%clk 00:17:44]} {[%emt 00:02:01]} 37. R1a5
{[%clk 00:24:05]} {[%emt 00:00:29]} Be7 {[%clk 00:15:42]} {[%emt 00:02:31]} 38.
Rb5 {[%clk 00:22:03]} {[%emt 00:02:32]} 1-0

[Event "DEM U18w 2024"]
[Site "Willingen GER"]
[Date "2024.05.25"]
[Round "9"]
[White "Stelter, Finja"]
[Black "Hubert, Charlotte"]
[Result "0-1"]
[Termination "normal"]
[Board "5"]
[WhiteElo "1637"]
[BlackElo "1893"]
[WhiteClock "00:01:53"]
[BlackClock "00:01:58"]
[PlyCount "68"]
[WhiteFideId "16298624"]
[BlackFideId "16265920"]
[EventCountry "GER"]
[EventRounds "9"]
[EventType "swiss"]
[EventDate "2024.05.18"]

1. e4 {[%clk 01:30:59]} c5 {[%clk 01:30:56]} {[%emt 00:00:05]} 2. Nf3 {[%clk
01:31:22]} {[%emt 00:00:07]} d6 {[%clk 01:31:23]} {[%emt 00:00:03]} 3. d4
{[%clk 01:31:39]} {[%emt 00:00:13]} cxd4 {[%clk 01:31:48]} {[%emt 00:00:05]} 4.
Qxd4 {[%clk 01:32:02]} {[%emt 00:00:07]} Nf6 {[%clk 01:32:10]} {[%emt
00:00:08]} 5. Bg5 {[%clk 01:31:15]} {[%emt 00:01:16]} e6 {[%clk 01:31:11]}
{[%emt 00:01:29]} 6. Nc3 {[%clk 01:29:15]} {[%emt 00:02:30]} Nc6 {[%clk
01:31:07]} {[%emt 00:00:34]} 7. Bb5 {[%clk 01:29:37]} {[%emt 00:00:08]} Bd7
{[%clk 01:31:33]} {[%emt 00:00:04]} 8. Bxc6 {[%clk 01:29:45]} {[%emt 00:00:22]}
Bxc6 {[%clk 01:31:58]} {[%emt 00:00:05]} 9. O-O-O {[%clk 01:29:54]} {[%emt
00:00:21]} Be7 {[%clk 01:32:14]} {[%emt 00:00:14]} 10. Rhe1 {[%clk 01:29:33]}
{[%emt 00:00:51]} O-O {[%clk 01:31:54]} {[%emt 00:00:50]} 11. e5 {[%clk
01:28:53]} {[%emt 00:01:10]} dxe5 {[%clk 01:25:37]} {[%emt 00:06:47]} 12. Nxe5
{[%clk 01:29:01]} {[%emt 00:00:22]} Qa5 {[%clk 01:19:34]} {[%emt 00:06:32]} 13.
Bxf6 {[%clk 01:16:47]} {[%emt 00:12:45]} Bxf6 {[%clk 01:19:40]} {[%emt
00:00:24]} 14. Nxc6 {[%clk 01:16:58]} {[%emt 00:00:19]} bxc6 {[%clk 01:19:53]}
{[%emt 00:00:16]} 15. Qc4 {[%clk 01:12:12]} {[%emt 00:05:16]} Rab8 {[%clk
01:17:13]} {[%emt 00:03:10]} 16. Rd3 {[%clk 01:07:32]} {[%emt 00:05:11]} c5
{[%clk 01:10:02]} {[%emt 00:07:41]} 17. a3 {[%clk 01:00:07]} {[%emt 00:07:56]}
Rb7 {[%clk 01:08:55]} {[%emt 00:01:37]} 18. Re4 {[%clk 00:43:35]} {[%emt
00:17:01]} Rfb8 {[%clk 01:03:54]} {[%emt 00:05:31]} 19. Qa4 {[%clk 00:42:27]}
{[%emt 00:01:37]} Qc7 {[%clk 01:03:23]} {[%emt 00:01:01]} 20. g3 {[%clk
00:29:50]} {[%emt 00:13:08]} Rxb2 {[%clk 00:38:33]} {[%emt 00:25:21]} 21. Kd2
{[%clk 00:22:45]} {[%emt 00:07:33]} h6 {[%clk 00:24:36]} {[%emt 00:14:27]} 22.
Rc4 {[%clk 00:18:36]} {[%emt 00:04:40]} Bxc3+ {[%clk 00:20:21]} {[%emt
00:04:45]} 23. Rcxc3 {[%clk 00:18:29]} {[%emt 00:00:36]} Qe5 {[%clk 00:16:59]}
{[%emt 00:03:52]} 24. Rd7 {[%clk 00:10:24]} {[%emt 00:08:35]} Rb1 {[%clk
00:11:51]} {[%emt 00:05:38]} 25. Re3 {[%clk 00:08:25]} {[%emt 00:02:29]} Qh5
{[%clk 00:08:16]} {[%emt 00:04:04]} 26. h4 {[%clk 00:04:58]} {[%emt 00:03:58]}
Qd1+ {[%clk 00:07:01]} {[%emt 00:01:45]} 27. Kc3 {[%clk 00:05:19]} {[%emt
00:00:10]} Qc1 {[%clk 00:07:18]} {[%emt 00:00:12]} 28. Rxa7 {[%clk 00:03:40]}
{[%emt 00:02:10]} Qb2+ {[%clk 00:06:46]} {[%emt 00:01:02]} 29. Kd2 {[%clk
00:03:42]} {[%emt 00:00:28]} Qc1+ {[%clk 00:04:58]} {[%emt 00:02:18]} 30. Kc3
{[%clk 00:03:46]} {[%emt 00:00:26]} Rd8 {[%clk 00:02:22]} {[%emt 00:03:06]} 31.
Rd3 {[%clk 00:01:25]} {[%emt 00:02:51]} Qe1+ {[%clk 00:01:49]} {[%emt
00:01:02]} 32. Kc4 {[%clk 00:01:47]} {[%emt 00:00:08]} Rxd3 {[%clk 00:01:11]}
{[%emt 00:01:09]} 33. Kxd3 {[%clk 00:01:35]} {[%emt 00:00:42]} Rd1+ {[%clk
00:01:34]} {[%emt 00:00:06]} 34. Kc4 {[%clk 00:01:53]} {[%emt 00:00:14]} Rd4+
{[%clk 00:01:58]} {[%emt 00:00:05]} 0-1